Điện từ học = Électromagnétisme

Cuốn sách đưa ra một sự đổi mới trong việc giảng dạy môn vật lí ở các lớp dự bị đại học. Nội dung cuốn sách gồm 3 chủ đề lớn là: trường điện từ không đổi, nghiên cứu trường điện từ biến thiên và các phương trình Maxwell trong vạ...

Deskribapen osoa

Gorde:
Xehetasun bibliografikoak
Formatua: Liburua
Hizkuntza:Undetermined
Argitaratua: Hà Nội Giáo dục 2007
Gaiak:
Etiketak: Etiketa erantsi
Etiketarik gabe, Izan zaitez lehena erregistro honi etiketa jartzen!
Thư viện lưu trữ: Trung tâm Học liệu Trường Đại học Cần Thơ
LEADER 01293nam a2200205Ia 4500
001 CTU_150868
008 210402s9999 xx 000 0 und d
020 |c 32000 
082 |a 537 
082 |b Đ305/T.2 
245 0 |a Điện từ học = 
245 0 |b Électromagnétisme 
245 0 |c Jean - Marie Brébec...[et.al] 
260 |a Hà Nội 
260 |b Giáo dục 
260 |c 2007 
520 |a Cuốn sách đưa ra một sự đổi mới trong việc giảng dạy môn vật lí ở các lớp dự bị đại học. Nội dung cuốn sách gồm 3 chủ đề lớn là: trường điện từ không đổi, nghiên cứu trường điện từ biến thiên và các phương trình Maxwell trong vật chất cũng được đề cập tiếp theo với các hiện tượng phân cực và từ hoá, máy biến thế, cho phép nêu bật các khái niệm về hiện tuợng sắt từ nhờ có thí nghiệm. 
650 |a Electromagnetics,Electromagnetism,Physics,Vật lý,Điện từ học,Hiện tượng điện từ 
904 |i Trọng Hiếu 
980 |a Trung tâm Học liệu Trường Đại học Cần Thơ